Statistics for Largest Cities of South Asia on a Map

Click here to take the quiz!

General Stats

  • This quiz has been taken 239 times
  • The average score is 25 of 35

Answers on the Map

Answers color-coded by a green-red scale on the quiz's map according to % correct below.
 

Answer Stats

Answer% Correct
30,300,000Delhi
99%
25,100,000Mumbai
99%
16,800,000Kolkata
98%
17,800,000Karachi
97%
4,750,000Colombo
96%
20,200,000Dhaka
96%
11,300,000Chennai
95%
10,200,000Hyderabad
95%
2,275,000Hyderabad
95%
12,200,000Bangalore
94%
13,000,000Lahore
94%
3,125,000Kathmandu
92%
8,500,000Ahmedabad
88%
4,925,000Chittagong
82%
6,900,000Pune
80%
3,950,000Jaipur
78%
6,600,000Surat
77%
2,300,000Agra
74%
3,725,000Lucknow
73%
3,650,000Faisalabad
69%
3,450,000Rawalpindi
61%
2,675,000Patna
59%
3,275,000Nagpur
58%
2,425,000Bhopal
55%
2,350,000Peshawar
55%
3,175,000Indore
54%
3,475,000Kanpur
54%
2,700,000Coimbatore
42%
2,100,000Multan
42%
2,900,000Bhilai | Raipur
41%
2,200,000Vishakhapatnam
38%
2,775,000Gujranwala
35%
2,350,000Chandigarh
34%
2,225,000Vadodara
33%
2,000,000Vijayawada
22%

Score Distribution

Percentile by Number Answered

Percent of People with Each Score

Your Score History

You have not taken this quiz